000 00291nam a22001097a 4500
008 160505b xxu||||| |||| 00| 0 eng d
020 _a0721677274
041 _aeng
080 _a61
245 _aChristensen hematologic problems of the neonate:
_cRobert D. Christensen M. D.;
942 _2udc
_cBK
999 _c1815
_d1815